Computers: The User Perspective (Record no. 114)

MARC details
005 - DATE AND TIME OF LATEST TRANSACTION
control field 20250616154449.0
020 ## - INTERNATIONAL STANDARD BOOK NUMBER
International Standard Book Number 0-8016-4752-5
082 ## - DEWEY DECIMAL CLASSIFICATION NUMBER
Classification number 001.642 STA
100 ## - MAIN ENTRY--PERSONAL NAME
Author name STALLINGS, E. D.
245 ## - TITLE STATEMENT
Title Computers: The User Perspective
260 ## - PUBLICATION, DISTRIBUTION, ETC.
Place of publication, distribution, etc. Toronto,
Name of publisher, distributor, etc. Times Mirror/Mosby College,
Date of publication, distribution, etc. 1988.
300 ## - PHYSICAL DESCRIPTION
Extent xxxiv,747p.: ill.; figures,
Other physical details Glossary & Index
Dimensions 26cm.
700 ## - ADDED ENTRY--PERSONAL NAME
Other authors/Editors HUTCHINSON,S,E & SAWYER,S,C
942 ## - ADDED ENTRY ELEMENTS (KOHA)
Source of classification or shelving scheme Dewey Decimal Classification
Koha item type Books
Holdings
Date last seen Total checkouts Full call number Barcode Cost, replacement price Price effective from Koha item type Lost status Source of classification or shelving scheme Damaged status Not for loan Withdrawn status Home library Current library Shelving location Date acquired Cost, normal purchase price
03/06/2025   001.642 STA 000000239 30000.00 03/06/2025 Books   Dewey Decimal Classification       College of Business Education Main Library College of Business Education Main Library General Collection 03/06/2025 10000.00